Fighting cross border crime in Regional setting: an EAC case study (Record no. 4232)

000 -LEADER
fixed length control field 00414nam a22001457a 4500
003 - CONTROL NUMBER IDENTIFIER
control field OSt
005 - DATE AND TIME OF LATEST TRANSACTION
control field 20200206105109.0
008 - FIXED-LENGTH DATA ELEMENTS--GENERAL INFORMATION
fixed length control field 200206b xxu||||| |||| 00| 0 eng d
050 ## - LIBRARY OF CONGRESS CALL NUMBER
Classification number RUSC HV6252.K34 2019
100 ## - MAIN ENTRY--PERSONAL NAME
Personal name Kahiro, W. Claire
245 ## - TITLE STATEMENT
Title Fighting cross border crime in Regional setting: an EAC case study
Statement of responsibility, etc Claire Wangari Kahiro
260 ## - PUBLICATION, DISTRIBUTION, ETC. (IMPRINT)
Place of publication, distribution, etc Nairobi
Date of publication, distribution, etc 2019
300 ## - PHYSICAL DESCRIPTION
Extent xiv, 60 p:
942 ## - ADDED ENTRY ELEMENTS (KOHA)
Source of classification or shelving scheme
Koha item type Research Project
Holdings
Withdrawn status Lost status Source of classification or shelving scheme Damaged status Not for loan Home library Current library Shelving location Date acquired Total Checkouts Full call number Barcode Date last seen Price effective from Koha item type
          Riara University Library Riara University Library Special Collection 06/02/2020   RUSC HV6252.K34 2019 10338/20 06/02/2020 06/02/2020 Research Project

Riara University Library,
P.O. Box 49940-00100,
Nairobi, Kenya.